| 000 | 00643nam a22002297a 4500 | ||
|---|---|---|---|
| 003 | UA-OsUOA | ||
| 001 | 77788 | ||
| 007 | ta | ||
| 008 | 20110922b un ||||| |||| 00| 0 ukr d | ||
| 090 |
_a330.133.2 _bС88 |
||
| 942 | _cBK | ||
| 040 |
_aUA-OsUOA _bukr _cUA-OsUOA _dUA-OsUOA |
||
| 245 |
_aСтудентські наукові записки. Серія "Економіка" _cред. Пасічник І.Д. |
||
| 300 | _a450 с. | ||
| 955 | _a1 | ||
| 041 | _aukr | ||
| 080 | _a330.133.2 | ||
| 260 |
_aОстрог _bНаУОА _c2009 |
||
| 250 | _nвип. 6 | ||
| 650 | 7 |
_a330 Економіка взагалі _2UDC |
|
| 999 |
_c364091 _d364091 |
||